[Event "Team women final 2016"]
[Site "Sochi"]
[Date "2016.05.04"]
[Round "4.13"]
[White "Shuvalova, Polina"]
[Black "Pogonina, Natalija"]
[Result "1/2-1/2"]
[LiveChessVersion "1.4.4"]
[BlackElo "2490"]
[WhiteElo "2320"]
[BlackTeam "Ugra"]
[WhiteTeam "MoscowYouth"]

1. e4 {[%clk 1:30:57]} e5 {[%clk 1:30:56]} 2. Nf3 {[%clk 1:31:21]} Nc6
{[%clk 1:31:21]} 3. Bb5 {[%clk 1:31:45]} a6 {[%clk 1:31:46]} 4. Ba4
{[%clk 1:32:11]} Nf6 {[%clk 1:32:10]} 5. O-O {[%clk 1:32:36]} b5 {[%clk 1:32:30]}
6. Bb3 {[%clk 1:33:01]} Bb7 {[%clk 1:32:53]} 7. d3 {[%clk 1:33:06]} Be7
{[%clk 1:33:08]} 8. Nc3 {[%clk 1:32:29]} O-O {[%clk 1:31:37]} 9. a3
{[%clk 1:31:40]} d6 {[%clk 1:31:07]} 10. Re1 {[%clk 1:28:24]} Nb8
{[%clk 1:14:18]} 11. a4 {[%clk 1:25:09]} b4 {[%clk 1:06:15]} 12. Ne2
{[%clk 1:23:07]} Nbd7 {[%clk 1:05:55]} 13. Ng3 {[%clk 1:10:18]} Nc5
{[%clk 1:02:58]} 14. Bc4 {[%clk 1:10:29]} Re8 {[%clk 1:02:51]} 15. a5
{[%clk 1:03:48]} Rb8 {[%clk 0:53:00]} 16. c3 {[%clk 0:55:31]} bxc3
{[%clk 0:51:09]} 17. bxc3 {[%clk 0:54:13]} Bf8 {[%clk 0:49:21]} 18. Ba3
{[%clk 0:45:29]} Ne6 {[%clk 0:48:57]} 19. Qd2 {[%clk 0:35:54]} Bc6
{[%clk 0:41:49]} 20. d4 {[%clk 0:30:13]} exd4 {[%clk 0:38:12]} 21. cxd4
{[%clk 0:26:27]} d5 {[%clk 0:27:02]} 22. Bxf8 {[%clk 0:23:47]} Rxf8
{[%clk 0:24:39]} 23. Bxa6 {[%clk 0:18:55]} dxe4 {[%clk 0:23:42]} 24. Ne5
{[%clk 0:18:59]} Ba8 {[%clk 0:17:35]} 25. Rad1 {[%clk 0:18:00]} Qd6
{[%clk 0:16:45]} 26. Bc4 {[%clk 0:17:58]} g6 {[%clk 0:13:42]} 27. Qh6
{[%clk 0:15:51]} Qe7 {[%clk 0:07:59]} 28. f4 {[%clk 0:10:51]} exf3
{[%clk 0:06:09]} 29. gxf3 {[%clk 0:08:39]} Nd5 {[%clk 0:05:03]} 30. Ne4
{[%clk 0:07:18]} Rb2 {[%clk 0:03:15]} 31. Bxd5 {[%clk 0:05:19]} Bxd5
{[%clk 0:03:39]} 32. Nd7 {[%clk 0:05:18]} Bxe4 {[%clk 0:01:05]} 33. Nxf8
{[%clk 0:05:38]} Qg5+ {[%clk 0:01:16]} 34. Qxg5 {[%clk 0:05:45]} Nxg5
{[%clk 0:01:42]} 35. fxe4 {[%clk 0:03:10]} Nf3+ {[%clk 0:01:56]} 36. Kf1
{[%clk 0:03:35]} Nxh2+ {[%clk 0:02:22]} 37. Kg1 {[%clk 0:04:02]} Nf3+
{[%clk 0:02:48]} 38. Kf1 {[%clk 0:04:29]} Nh2+ {[%clk 0:00:47]} 39. Kg1
{[%clk 0:04:54]} Nf3+ {[%clk 0:01:13]} 40. Kf1 {[%clk 0:35:15]} Nh2+
{[%clk 0:31:00]} 41. Kg1 {[%clk 0:35:40]} Nf3+ {[%clk 0:31:26]} 1/2-1/2

[Event "Team women final 2016"]
[Site "Sochi"]
[Date "2016.05.04"]
[Round "4.14"]
[White "Mkrtchian, Lilit"]
[Black "Ivanova, Karina"]
[Result "1-0"]
[LiveChessVersion "1.4.4"]
[BlackElo "2133"]
[WhiteElo "2434"]
[BlackTeam "MoscowYouth"]
[WhiteTeam "Ugra"]

1. d4 {[%clk 1:30:52]} d5 {[%clk 1:30:45]} 2. c4 {[%clk 1:29:35]} c6
{[%clk 1:31:08]} 3. Nf3 {[%clk 1:29:04]} Nf6 {[%clk 1:31:24]} 4. e3
{[%clk 1:27:11]} a6 {[%clk 1:31:33]} 5. Nc3 {[%clk 1:27:01]} b5 {[%clk 1:31:01]}
6. c5 {[%clk 1:26:39]} g6 {[%clk 1:30:47]} 7. Ne5 {[%clk 1:22:22]} Bg7
{[%clk 1:26:56]} 8. f4 {[%clk 1:21:57]} Nfd7 {[%clk 1:22:20]} 9. Nd3
{[%clk 1:22:05]} f6 {[%clk 1:12:24]} 10. a4 {[%clk 1:20:35]} Bb7 {[%clk 1:10:26]}
11. f5 {[%clk 1:12:08]} e5 {[%clk 0:58:07]} 12. g4 {[%clk 0:51:53]} Qe7
{[%clk 0:50:08]} 13. Kf2 {[%clk 0:38:26]} e4 {[%clk 0:37:38]} 14. Nf4
{[%clk 0:38:11]} g5 {[%clk 0:36:30]} 15. Ne6 {[%clk 0:34:59]} Nf8
{[%clk 0:36:50]} 16. Nxg7+ {[%clk 0:30:01]} Qxg7 {[%clk 0:37:15]} 17. b4
{[%clk 0:27:18]} h5 {[%clk 0:30:05]} 18. gxh5 {[%clk 0:27:06]} Qh7
{[%clk 0:28:19]} 19. Bh3 {[%clk 0:27:18]} Qxh5 {[%clk 0:26:49]} 20. Qxh5+
{[%clk 0:26:08]} Rxh5 {[%clk 0:27:13]} 21. Bg4 {[%clk 0:26:34]} Rh4
{[%clk 0:23:56]} 22. h3 {[%clk 0:26:25]} Nbd7 {[%clk 0:20:36]} 23. Bd2
{[%clk 0:25:47]} Rh8 {[%clk 0:18:17]} 24. axb5 {[%clk 0:21:52]} cxb5
{[%clk 0:18:29]} 25. Ra2 {[%clk 0:21:04]} Nh7 {[%clk 0:15:43]} 26. Rha1
{[%clk 0:21:02]} Ke7 {[%clk 0:15:18]} 27. c6 {[%clk 0:14:24]} Bxc6
{[%clk 0:15:43]} 28. Rxa6 {[%clk 0:14:51]} Rxa6 {[%clk 0:11:24]} 29. Rxa6
{[%clk 0:15:18]} Rc8 {[%clk 0:10:28]} 30. Be2 {[%clk 0:15:25]} g4
{[%clk 0:06:55]} 31. h4 {[%clk 0:15:21]} Nb8 {[%clk 0:06:28]} 32. Ra7+
{[%clk 0:15:27]} Bd7 {[%clk 0:06:00]} 33. Bxg4 {[%clk 0:11:10]} Nc6
{[%clk 0:04:58]} 34. Nxd5+ {[%clk 0:11:03]} Kd6 {[%clk 0:05:12]} 35. Rxd7+
{[%clk 0:11:14]} Kxd7 {[%clk 0:05:38]} 36. Nb6+ {[%clk 0:11:40]} Kc7
{[%clk 0:06:00]} 37. Nxc8 {[%clk 0:12:06]} Kxc8 {[%clk 0:06:26]} 38. Kg3
{[%clk 0:10:56]} 1-0

[Event "Team women final 2016"]
[Site "Sochi"]
[Date "2016.05.04"]
[Round "4.15"]
[White "Borisova, Ekaterina"]
[Black "Nechaeva, Marina"]
[Result "0-1"]
[LiveChessVersion "1.4.4"]
[BlackElo "2416"]
[WhiteElo "2058"]
[BlackTeam "Ugra"]
[WhiteTeam "MoscowYouth"]

1. e4 {[%clk 1:30:58]} c6 {[%clk 1:30:55]} 2. d4 {[%clk 1:31:25]} d5
{[%clk 1:31:21]} 3. Nc3 {[%clk 1:31:52]} dxe4 {[%clk 1:31:42]} 4. Nxe4
{[%clk 1:32:19]} Bf5 {[%clk 1:32:08]} 5. Ng3 {[%clk 1:32:46]} Bg6
{[%clk 1:32:32]} 6. Nh3 {[%clk 1:33:11]} Nd7 {[%clk 1:25:28]} 7. Nf4
{[%clk 1:30:52]} e5 {[%clk 1:25:49]} 8. Qe2 {[%clk 1:25:15]} Bxc2
{[%clk 0:56:28]} 9. Qxc2 {[%clk 1:23:10]} Bb4+ {[%clk 0:46:59]} 10. Bd2
{[%clk 1:23:25]} Bxd2+ {[%clk 0:47:25]} 11. Qxd2 {[%clk 1:23:47]} exf4
{[%clk 0:47:53]} 12. Nf5 {[%clk 1:18:24]} Qf6 {[%clk 0:39:24]} 13. Qxf4
{[%clk 1:15:38]} Kd8 {[%clk 0:39:10]} 14. d5 {[%clk 0:40:23]} Nh6
{[%clk 0:18:48]} 15. dxc6 {[%clk 0:20:56]} Re8+ {[%clk 0:16:24]} 16. Be2
{[%clk 0:21:19]} bxc6 {[%clk 0:15:21]} 17. O-O {[%clk 0:16:42]} Rxe2
{[%clk 0:09:20]} 18. Qc4 {[%clk 0:16:09]} Re6 {[%clk 0:05:21]} 19. Nd4
{[%clk 0:11:07]} Rd6 {[%clk 0:05:40]} 20. Rad1 {[%clk 0:11:18]} Rb8
{[%clk 0:05:08]} 21. Qc3 {[%clk 0:08:08]} c5 {[%clk 0:03:49]} 22. Qa5+
{[%clk 0:07:38]} Rbb6 {[%clk 0:03:51]} 23. Nb3 {[%clk 0:05:11]} Nf5
{[%clk 0:01:18]} 24. Nxc5 {[%clk 0:04:11]} Nxc5 {[%clk 0:01:34]} 25. Qxc5
{[%clk 0:04:36]} g6 {[%clk 0:00:50]} 26. Rfe1 {[%clk 0:03:35]} Rxd1
{[%clk 0:00:49]} 27. Rxd1+ {[%clk 0:04:02]} Rd6 {[%clk 0:01:08]} 28. Re1
{[%clk 0:03:33]} Qd4 {[%clk 0:01:07]} 29. Qb5 {[%clk 0:02:48]} Re6
{[%clk 0:00:56]} 30. Rc1 {[%clk 0:00:51]} Ke7 {[%clk 0:01:00]} 31. Qb8
{[%clk 0:01:05]} Qd2 {[%clk 0:00:38]} 32. Rf1 {[%clk 0:01:09]} a6
{[%clk 0:00:41]} 33. g4 {[%clk 0:00:56]} Nd4 {[%clk 0:00:46]} 34. Qc7+
{[%clk 0:00:43]} Kf8 {[%clk 0:01:02]} 35. Qd8+ {[%clk 0:00:40]} Kg7
{[%clk 0:01:25]} 36. Qd5 {[%clk 0:00:59]} Ne2+ {[%clk 0:01:50]} 0-1

[Event "Team women final 2016"]
[Site "Sochi"]
[Date "2016.05.04"]
[Round "4.16"]
[White "Kovanova, Baira"]
[Black "Yurovskikh, Yasmin"]
[Result "1-0"]
[LiveChessVersion "1.4.4"]
[BlackElo "1892"]
[WhiteElo "2391"]
[BlackTeam "MoscowYouth"]
[WhiteTeam "Ugra"]

1. c4 {[%clk 1:30:48]} c6 {[%clk 1:30:42]} 2. Nf3 {[%clk 1:29:49]} d5
{[%clk 1:31:07]} 3. b3 {[%clk 1:28:52]} Bf5 {[%clk 1:24:48]} 4. Bb2
{[%clk 1:28:29]} e6 {[%clk 1:24:55]} 5. g3 {[%clk 1:26:36]} Nf6 {[%clk 1:24:56]}
6. Bg2 {[%clk 1:26:52]} Bd6 {[%clk 1:24:25]} 7. O-O {[%clk 1:25:48]} O-O
{[%clk 1:24:48]} 8. d3 {[%clk 1:24:57]} Nbd7 {[%clk 1:16:14]} 9. Nh4
{[%clk 1:15:05]} Bg4 {[%clk 1:15:21]} 10. h3 {[%clk 1:14:21]} Bh5
{[%clk 1:15:36]} 11. Qc2 {[%clk 1:14:16]} Qe7 {[%clk 0:59:37]} 12. e4
{[%clk 1:13:18]} dxe4 {[%clk 0:52:37]} 13. dxe4 {[%clk 1:13:41]} g5
{[%clk 0:43:37]} 14. Nf3 {[%clk 1:08:29]} Bg6 {[%clk 0:42:28]} 15. Nxg5
{[%clk 0:55:58]} h6 {[%clk 0:42:44]} 16. Nf3 {[%clk 0:51:21]} Bxe4
{[%clk 0:40:04]} 17. Qd2 {[%clk 0:44:38]} Kh7 {[%clk 0:36:32]} 18. Nc3
{[%clk 0:43:58]} Rg8 {[%clk 0:31:51]} 19. Ng5+ {[%clk 0:37:03]} hxg5
{[%clk 0:30:06]} 20. Nxe4 {[%clk 0:32:39]} Nxe4 {[%clk 0:29:37]} 21. Bxe4+
{[%clk 0:32:32]} f5 {[%clk 0:29:46]} 22. Rad1 {[%clk 0:30:38]} Nc5
{[%clk 0:21:58]} 23. Bc2 {[%clk 0:23:04]} Rad8 {[%clk 0:20:52]} 24. Qe2
{[%clk 0:22:45]} Qf7 {[%clk 0:19:40]} 25. Rfe1 {[%clk 0:19:21]} Rge8
{[%clk 0:14:59]} 26. b4 {[%clk 0:18:48]} Na6 {[%clk 0:14:42]} 27. c5
{[%clk 0:16:47]} Bc7 {[%clk 0:13:33]} 28. Rxd8 {[%clk 0:16:41]} Bxd8
{[%clk 0:13:53]} 29. Bxf5+ {[%clk 0:16:51]} Kh6 {[%clk 0:13:33]} 30. Bxe6
{[%clk 0:11:08]} Qg6 {[%clk 0:13:44]} 31. Qd2 {[%clk 0:11:08]} Nc7
{[%clk 0:13:38]} 32. Bb3 {[%clk 0:11:25]} Rxe1+ {[%clk 0:13:30]} 33. Qxe1
{[%clk 0:11:49]} Bf6 {[%clk 0:13:28]} 34. Bxf6 {[%clk 0:11:08]} Qxf6
{[%clk 0:13:52]} 35. Qd2 {[%clk 0:11:21]} 1-0

[Event "Team women final 2016"]
[Site "Sochi"]
[Date "2016.05.05"]
[Round "5.1"]
[White "Travkina, Anastasia"]
[Black "Shuvalova, Polina"]
[Result "1/2-1/2"]
[LiveChessVersion "1.4.4"]
[BlackElo "2320"]
[WhiteElo "2255"]
[BlackTeam "MoscowYouth"]
[WhiteTeam "Donchanka"]

1. e4 {[%clk 1:30:55]} e5 {[%clk 1:30:54]} 2. Nf3 {[%clk 1:31:15]} Nc6
{[%clk 1:31:22]} 3. Bc4 {[%clk 1:31:37]} Nf6 {[%clk 1:30:30]} 4. Ng5
{[%clk 1:32:00]} d5 {[%clk 1:30:51]} 5. exd5 {[%clk 1:32:24]} Na5
{[%clk 1:25:44]} 6. d3 {[%clk 1:32:41]} Nxc4 {[%clk 0:48:53]} 7. dxc4
{[%clk 1:32:57]} b5 {[%clk 0:47:39]} 8. cxb5 {[%clk 1:12:00]} Qxd5
{[%clk 0:45:34]} 9. Qxd5 {[%clk 1:02:18]} Nxd5 {[%clk 0:45:58]} 10. O-O
{[%clk 0:43:09]} Nb4 {[%clk 0:45:19]} 11. Na3 {[%clk 0:41:35]} f6
{[%clk 0:40:11]} 12. Ne4 {[%clk 0:39:11]} Bf5 {[%clk 0:36:31]} 13. Re1
{[%clk 0:33:11]} O-O-O {[%clk 0:35:01]} 14. f3 {[%clk 0:33:06]} Be7
{[%clk 0:31:25]} 15. Be3 {[%clk 0:30:14]} Kb8 {[%clk 0:29:57]} 16. g3
{[%clk 0:18:52]} h5 {[%clk 0:24:53]} 17. Re2 {[%clk 0:15:55]} Rd5
{[%clk 0:18:02]} 18. Nc3 {[%clk 0:14:57]} Rd7 {[%clk 0:17:50]} 19. Ne4
{[%clk 0:13:04]} Rd5 {[%clk 0:17:49]} 20. Nc3 {[%clk 0:12:03]} Rd7
{[%clk 0:17:57]} 21. Ne4 {[%clk 0:11:43]} Rd5 {[%clk 0:17:20]} 22. Nc3
{[%clk 0:12:08]} Rd7 {[%clk 0:17:42]} 23. Ne4 {[%clk 0:12:33]} Rd5
{[%clk 0:16:07]} 1/2-1/2

[Event "Team women final 2016"]
[Site "Sochi"]
[Date "2016.05.05"]
[Round "5.2"]
[White "Ivanova, Karina"]
[Black "Maltsevskaya, Aleksandra"]
[Result "0-1"]
[LiveChessVersion "1.4.4"]
[BlackElo "2252"]
[WhiteElo "2133"]
[BlackTeam "Donchanka"]
[WhiteTeam "MoscowYouth"]

1. d4 {[%clk 1:30:54]} Nf6 {[%clk 1:30:48]} 2. Nf3 {[%clk 1:31:13]} g6
{[%clk 1:31:07]} 3. g3 {[%clk 1:31:26]} Bg7 {[%clk 1:31:29]} 4. Bg2
{[%clk 1:31:42]} O-O {[%clk 1:31:47]} 5. O-O {[%clk 1:31:53]} d6 {[%clk 1:32:09]}
6. c4 {[%clk 1:32:09]} Nbd7 {[%clk 1:32:26]} 7. Nc3 {[%clk 1:32:28]} e5
{[%clk 1:32:45]} 8. e4 {[%clk 1:32:47]} exd4 {[%clk 1:33:04]} 9. Nxd4
{[%clk 1:33:07]} Nc5 {[%clk 1:33:18]} 10. Re1 {[%clk 1:32:15]} Re8
{[%clk 1:33:22]} 11. b3 {[%clk 1:28:51]} Ng4 {[%clk 1:25:11]} 12. f3
{[%clk 1:10:29]} Ne5 {[%clk 1:22:08]} 13. Be3 {[%clk 1:05:57]} Bd7
{[%clk 1:18:31]} 14. Qc2 {[%clk 1:00:55]} a5 {[%clk 1:14:22]} 15. a3
{[%clk 0:54:20]} a4 {[%clk 1:12:24]} 16. Rad1 {[%clk 0:38:15]} axb3
{[%clk 1:04:34]} 17. Nxb3 {[%clk 0:38:36]} b6 {[%clk 1:02:37]} 18. Nxc5
{[%clk 0:34:13]} bxc5 {[%clk 1:02:54]} 19. Nb5 {[%clk 0:33:10]} Bxb5
{[%clk 0:58:17]} 20. cxb5 {[%clk 0:33:33]} Rxa3 {[%clk 0:58:29]} 21. Bxc5
{[%clk 0:31:54]} Nxf3+ {[%clk 0:57:56]} 22. Bxf3 {[%clk 0:31:31]} Rc3
{[%clk 0:58:03]} 23. Qf2 {[%clk 0:28:23]} Rxc5 {[%clk 0:58:20]} 24. Qxc5
{[%clk 0:27:59]} dxc5 {[%clk 0:58:22]} 25. Rxd8 {[%clk 0:28:23]} Rxd8
{[%clk 0:58:47]} 26. Rc1 {[%clk 0:15:14]} Rd3 {[%clk 0:58:04]} 27. Kg2
{[%clk 0:13:15]} Rd2+ {[%clk 0:57:50]} 28. Kh1 {[%clk 0:13:05]} Bd4
{[%clk 0:57:53]} 29. e5 {[%clk 0:08:28]} Rd3 {[%clk 0:57:07]} 30. Be2
{[%clk 0:05:07]} Re3 {[%clk 0:57:26]} 31. Rc2 {[%clk 0:05:09]} Rxe5
{[%clk 0:57:16]} 32. Bc4 {[%clk 0:05:32]} Re1+ {[%clk 0:56:55]} 33. Kg2
{[%clk 0:05:46]} Kg7 {[%clk 0:57:11]} 34. Kf3 {[%clk 0:03:50]} f5
{[%clk 0:57:24]} 35. Be2 {[%clk 0:02:30]} g5 {[%clk 0:56:28]} 36. g4
{[%clk 0:01:45]} Kf6 {[%clk 0:54:10]} 37. gxf5 {[%clk 0:01:46]} Ke5
{[%clk 0:52:42]} 38. Bc4 {[%clk 0:00:39]} h5 {[%clk 0:51:25]} 39. Be6
{[%clk 0:00:38]} Re3+ {[%clk 0:49:16]} 40. Kg2 {[%clk 0:31:03]} g4
{[%clk 1:19:35]} 41. Rc1 {[%clk 0:18:15]} Re2+ {[%clk 1:19:20]} 42. Kh1
{[%clk 0:17:44]} h4 {[%clk 1:19:30]} 43. Bc4 {[%clk 0:16:30]} Rd2
{[%clk 1:19:07]} 44. Bf1 {[%clk 0:12:18]} Kxf5 {[%clk 1:18:11]} 45. Bg2
{[%clk 0:12:40]} c4 {[%clk 1:17:45]} 46. h3 {[%clk 0:12:49]} c3 {[%clk 1:17:54]}
47. hxg4+ {[%clk 0:13:10]} Kxg4 {[%clk 1:18:18]} 48. Be4 {[%clk 0:11:54]} Kg3
{[%clk 1:18:37]} 0-1

[Event "Team women final 2016"]
[Site "Sochi"]
[Date "2016.05.05"]
[Round "5.3"]
[White "Assaubayeva, Bibisara"]
[Black "Borisova, Ekaterina"]
[Result "1-0"]
[LiveChessVersion "1.4.4"]
[BlackElo "2058"]
[WhiteElo "2141"]
[BlackTeam "MoscowYouth"]
[WhiteTeam "Donchanka"]

1. e4 {[%clk 1:30:55]} c5 {[%clk 1:30:57]} 2. Nf3 {[%clk 1:31:15]} d6
{[%clk 1:31:25]} 3. d4 {[%clk 1:31:34]} Nf6 {[%clk 1:31:53]} 4. Nc3
{[%clk 1:31:50]} cxd4 {[%clk 1:32:19]} 5. Nxd4 {[%clk 1:32:10]} Nc6
{[%clk 1:32:46]} 6. Bg5 {[%clk 1:32:27]} Bd7 {[%clk 1:32:58]} 7. Qd2
{[%clk 1:32:46]} Rc8 {[%clk 1:33:25]} 8. O-O-O {[%clk 1:27:16]} Nxd4
{[%clk 1:33:49]} 9. Qxd4 {[%clk 1:27:33]} Qa5 {[%clk 1:34:17]} 10. Bxf6
{[%clk 1:16:23]} gxf6 {[%clk 1:34:20]} 11. Bc4 {[%clk 1:13:05]} Qc5
{[%clk 1:27:43]} 12. Qxc5 {[%clk 1:10:42]} Rxc5 {[%clk 1:28:05]} 13. Be2
{[%clk 1:09:12]} f5 {[%clk 1:25:19]} 14. exf5 {[%clk 1:02:07]} Bxf5
{[%clk 1:23:07]} 15. Bb5+ {[%clk 0:58:26]} Kd8 {[%clk 1:18:51]} 16. Bd3
{[%clk 0:58:03]} Rg8 {[%clk 1:13:57]} 17. Rhg1 {[%clk 0:53:13]} Bg7
{[%clk 1:06:21]} 18. Ne2 {[%clk 0:50:43]} Be6 {[%clk 0:57:37]} 19. Kb1
{[%clk 0:47:21]} Ra5 {[%clk 0:56:18]} 20. a3 {[%clk 0:44:42]} Ra4
{[%clk 0:55:20]} 21. Ng3 {[%clk 0:38:53]} Be5 {[%clk 0:42:45]} 22. Rge1
{[%clk 0:36:27]} Kc7 {[%clk 0:38:28]} 23. Re4 {[%clk 0:31:27]} Rxe4
{[%clk 0:36:07]} 24. Bxe4 {[%clk 0:29:59]} h5 {[%clk 0:34:31]} 25. Ne2
{[%clk 0:20:03]} h4 {[%clk 0:27:30]} 26. g3 {[%clk 0:17:17]} f5 {[%clk 0:23:51]}
27. Bf3 {[%clk 0:15:46]} h3 {[%clk 0:22:51]} 28. Nd4 {[%clk 0:15:19]} Bd7
{[%clk 0:22:33]} 29. Bd5 {[%clk 0:14:10]} Rg6 {[%clk 0:17:05]} 30. Ne2
{[%clk 0:09:41]} e6 {[%clk 0:15:10]} 31. Bc4 {[%clk 0:09:10]} Bc6
{[%clk 0:12:37]} 32. f4 {[%clk 0:08:32]} Bg7 {[%clk 0:12:57]} 33. Ng1
{[%clk 0:08:54]} Rxg3 {[%clk 0:06:01]} 34. hxg3 {[%clk 0:08:32]} h2
{[%clk 0:06:27]} 35. Nh3 {[%clk 0:06:32]} Bd4 {[%clk 0:04:35]} 36. Bxe6
{[%clk 0:04:10]} Bf3 {[%clk 0:03:43]} 37. Re1 {[%clk 0:04:20]} h1=Q
{[%clk 0:01:17]} 38. Rxh1 {[%clk 0:04:48]} Bxh1 {[%clk 0:01:40]} 39. Bxf5
{[%clk 0:05:10]} Be3 {[%clk 0:01:36]} 40. Ng5 {[%clk 0:34:05]} Kd8
{[%clk 0:31:14]} 41. Be4 {[%clk 0:30:24]} Bxe4 {[%clk 0:31:40]} 42. Nxe4
{[%clk 0:30:52]} Ke7 {[%clk 0:32:02]} 43. c4 {[%clk 0:30:52]} Ke6
{[%clk 0:32:16]} 44. Kc2 {[%clk 0:30:50]} d5 {[%clk 0:32:23]} 45. cxd5+
{[%clk 0:30:37]} Kxd5 {[%clk 0:32:49]} 46. Kd3 {[%clk 0:31:00]} Bc1
{[%clk 0:32:42]} 47. Nc3+ {[%clk 0:31:22]} Ke6 {[%clk 0:32:38]} 48. Nd1
{[%clk 0:31:47]} 1-0

[Event "Team women final 2016"]
[Site "Sochi"]
[Date "2016.05.05"]
[Round "5.4"]
[White "Yurovskikh, Yasmin"]
[Black "Petrova, Olga"]
[Result "1-0"]
[LiveChessVersion "1.4.4"]
[BlackElo "2163"]
[WhiteElo "1892"]
[BlackTeam "Donchanka"]
[WhiteTeam "MoscowYouth"]

1. e4 {[%clk 1:30:58]} c6 {[%clk 1:30:47]} 2. d4 {[%clk 1:31:25]} d5
{[%clk 1:31:05]} 3. Nc3 {[%clk 1:31:52]} dxe4 {[%clk 1:31:17]} 4. Nxe4
{[%clk 1:32:19]} Bf5 {[%clk 1:31:32]} 5. Ng3 {[%clk 1:32:45]} Bg6
{[%clk 1:31:46]} 6. h4 {[%clk 1:33:10]} h6 {[%clk 1:32:04]} 7. N1e2
{[%clk 1:33:33]} Nf6 {[%clk 1:30:50]} 8. Nf4 {[%clk 1:33:58]} Bh7
{[%clk 1:30:39]} 9. Bc4 {[%clk 1:34:19]} e6 {[%clk 1:29:06]} 10. Qe2
{[%clk 1:34:41]} Bd6 {[%clk 1:19:14]} 11. Ngh5 {[%clk 1:34:53]} Bxf4
{[%clk 1:13:36]} 12. Nxg7+ {[%clk 1:34:10]} Kf8 {[%clk 1:09:40]} 13. Nxe6+
{[%clk 1:34:35]} fxe6 {[%clk 1:10:01]} 14. Bxf4 {[%clk 1:35:02]} Bf5
{[%clk 1:05:33]} 15. O-O-O {[%clk 1:34:36]} Qe7 {[%clk 1:01:49]} 16. f3
{[%clk 1:33:22]} b5 {[%clk 0:59:23]} 17. g4 {[%clk 1:02:55]} bxc4
{[%clk 0:57:31]} 18. gxf5 {[%clk 1:03:21]} exf5 {[%clk 0:54:07]} 19. Qxc4
{[%clk 1:01:34]} Nbd7 {[%clk 0:49:55]} 20. Rde1 {[%clk 0:48:47]} Nb6
{[%clk 0:47:56]} 21. Qxc6 {[%clk 0:46:07]} Rc8 {[%clk 0:44:52]} 22. Qb5
{[%clk 0:46:17]} Qd7 {[%clk 0:44:38]} 23. Qd3 {[%clk 0:33:13]} Nbd5
{[%clk 0:34:02]} 24. Bd2 {[%clk 0:27:59]} Kf7 {[%clk 0:32:23]} 25. Re5
{[%clk 0:24:14]} f4 {[%clk 0:30:41]} 26. Rhe1 {[%clk 0:18:15]} Rhg8
{[%clk 0:28:32]} 27. Kb1 {[%clk 0:14:35]} Rce8 {[%clk 0:20:54]} 28. Qe2
{[%clk 0:09:17]} Rxe5 {[%clk 0:15:22]} 29. dxe5 {[%clk 0:08:49]} Re8
{[%clk 0:15:26]} 30. Qd3 {[%clk 0:06:03]} Qe6 {[%clk 0:14:03]} 31. a3
{[%clk 0:04:48]} Ng8 {[%clk 0:12:49]} 32. Rg1 {[%clk 0:03:14]} Qxe5
{[%clk 0:11:32]} 33. Qh7+ {[%clk 0:01:59]} Ke6 {[%clk 0:11:42]} 34. Rxg8
{[%clk 0:02:38]} Rxg8 {[%clk 0:10:41]} 35. Qxg8+ {[%clk 0:03:03]} Kd7
{[%clk 0:10:53]} 36. Qh7+ {[%clk 0:03:09]} Kc8 {[%clk 0:10:40]} 37. Qxh6
{[%clk 0:02:32]} Ne3 {[%clk 0:10:59]} 38. Qc6+ {[%clk 0:02:16]} Kb8
{[%clk 0:11:18]} 39. Bb4 {[%clk 0:01:53]} Nf5 {[%clk 0:11:29]} 40. h5
{[%clk 0:32:27]} 1-0

[Event "Team women final 2016"]
[Site "Sochi"]
[Date "2016.05.05"]
[Round "5.6"]
[White "Ambartsumova, Karina"]
[Black "Lagno, Kateryna"]
[Result "0-1"]
[LiveChessVersion "1.4.4"]
[BlackElo "2529"]
[WhiteElo "2307"]
[BlackTeam "Legacy"]
[WhiteTeam "Ladya"]

1. e4 {[%clk 1:30:48]} c5 {[%clk 1:30:47]} 2. Nf3 {[%clk 1:30:53]} d6
{[%clk 1:31:11]} 3. d4 {[%clk 1:31:11]} cxd4 {[%clk 1:31:36]} 4. Nxd4
{[%clk 1:31:32]} Nf6 {[%clk 1:31:59]} 5. Nc3 {[%clk 1:31:37]} a6 {[%clk 1:32:20]}
6. Be3 {[%clk 1:31:26]} Ng4 {[%clk 1:32:39]} 7. Bg5 {[%clk 1:21:08]} h6
{[%clk 1:32:55]} 8. Bh4 {[%clk 1:21:30]} g5 {[%clk 1:33:21]} 9. Bg3
{[%clk 1:21:55]} Bg7 {[%clk 1:33:47]} 10. Be2 {[%clk 1:16:22]} h5
{[%clk 1:33:53]} 11. h4 {[%clk 1:13:43]} gxh4 {[%clk 1:34:04]} 12. Bxh4
{[%clk 1:12:16]} Nc6 {[%clk 1:32:23]} 13. Nb3 {[%clk 1:07:21]} Be6
{[%clk 1:31:25]} 14. Qd2 {[%clk 1:01:49]} Rc8 {[%clk 1:30:29]} 15. f3
{[%clk 0:49:53]} Nge5 {[%clk 1:29:33]} 16. Nd5 {[%clk 0:45:40]} b5
{[%clk 1:07:10]} 17. Bf2 {[%clk 0:32:40]} Nc4 {[%clk 1:00:10]} 18. Bxc4
{[%clk 0:32:57]} bxc4 {[%clk 1:00:29]} 19. Nd4 {[%clk 0:32:28]} Bxd5
{[%clk 0:53:14]} 20. exd5 {[%clk 0:32:46]} Ne5 {[%clk 0:49:30]} 21. Qg5
{[%clk 0:20:19]} Bf6 {[%clk 0:46:57]} 22. Qf5 {[%clk 0:20:35]} Qd7
{[%clk 0:42:32]} 23. Rxh5 {[%clk 0:18:50]} Qxf5 {[%clk 0:40:22]} 24. Rxh8+
{[%clk 0:19:13]} Kd7 {[%clk 0:40:43]} 25. Nxf5 {[%clk 0:19:02]} Rxh8
{[%clk 0:41:09]} 26. Kf1 {[%clk 0:10:04]} Ng6 {[%clk 0:39:03]} 27. Rb1
{[%clk 0:06:01]} Nf4 {[%clk 0:38:16]} 28. g3 {[%clk 0:04:33]} Nxd5
{[%clk 0:36:41]} 29. Kg2 {[%clk 0:04:26]} Rb8 {[%clk 0:32:04]} 30. b3
{[%clk 0:04:31]} Rc8 {[%clk 0:27:36]} 31. bxc4 {[%clk 0:03:20]} Rxc4
{[%clk 0:27:59]} 32. Rb7+ {[%clk 0:03:29]} Ke6 {[%clk 0:26:54]} 33. g4
{[%clk 0:02:28]} Rxc2 {[%clk 0:27:07]} 34. a4 {[%clk 0:01:59]} Ra2
{[%clk 0:26:26]} 35. Ra7 {[%clk 0:01:00]} Rxa4 {[%clk 0:26:11]} 36. Bh4
{[%clk 0:00:45]} Ra2+ {[%clk 0:23:31]} 37. Kf1 {[%clk 0:00:51]} Bxh4
{[%clk 0:23:37]} 38. Nxh4 {[%clk 0:01:14]} Ne3+ {[%clk 0:22:10]} 39. Ke1
{[%clk 0:01:33]} d5 {[%clk 0:22:14]} 0-1